Most Powerful Countries in 2050 - Statistics

General Stats
  • This quiz has been taken 131 times
  • The average score is 9 of 10
Answer Stats
Rank Answer % Correct
1 China
99%
2 India
99%
3 United States
98%
10 United Kingdom
96%
6 Russia
95%
9 Germany
92%
5 Brazil
90%
4 Indonesia
88%
8 Japan
88%
7 Mexico
78%
No matching quizzes found
Score Distribution
Percent of People with Each Score
Percentile by Number Answered
Your Score History
You have not taken this quiz